000
00275nam a2200109Ia 4500
001
1261071
005
20260417140344.0
008
260417s9999 xx 000 0 und d
020
_a
9786051851136
245
0
_a
Ormandaki Deli
_c
Georges Simenon
260
_b
Everest Yayınları
999
_c
1261071
_d
1261071